banner-ar

دراسات فى الاثار : الكتاب الاول بحوث علمية محكمة . / (Record no. 35197)

MARC details
000 -الفاتح
حقل البيانات ثابتة الطول 00707nam a2200229Ia 4500
008 - عناصر البيانات ثابتة الطول - معلومات عامة
حقل البيانات ثابتة الطول 140319s9999 xx 000 0 ara d
040 ## - مصدر الفهرسة
وكالة الفهرسة الأصلية GCL /
وكالة النسخ GCL
082 04 - رقم تصنيف ديوى العشرى
رقم التصنيف 915.3103101
رقم المادة ق د
100 1# - المدخل الرئيسى - إسم شخصى
الإسم الشخصى قسم الاثار والمتاحف
245 10 - بيان العنوان
العنوان دراسات فى الاثار : الكتاب الاول بحوث علمية محكمة . /
بيان المسئوليه,etc قسم الاثار والمتاحف
260 ## - PUBLICATION, DISTRIBUTION, ETC. (IMPRINT)
تاريخ النشر أو التوزيع 1992
300 ## - الوصف المادى
التعداد متعدد
490 ## - بيان السلسلة
عنوان السلسلة
650 04 - المدخل الاضافى بالموضوع-مصطلح موضوعى
مصطلح موضوعي العلم
650 04 - المدخل الاضافى بالموضوع-مصطلح موضوعى
مصطلح موضوعي الحضارة
650 04 - المدخل الاضافى بالموضوع-مصطلح موضوعى
مصطلح موضوعي التربة
650 04 - المدخل الاضافى بالموضوع-مصطلح موضوعى
مصطلح موضوعي الاثار
650 04 - المدخل الاضافى بالموضوع-مصطلح موضوعى
مصطلح موضوعي الفن
650 04 - المدخل الاضافى بالموضوع-مصطلح موضوعى
مصطلح موضوعي الحفريات
942 ## - عناصر المدخل الإضافي( كوها)
مصدر التصنيف او مخطط الترفيف Dewey Decimal Classification
Koha [default] item type كتاب
260 ## - PUBLICATION, DISTRIBUTION, ETC. (IMPRINT)
-- [S.N] :
-- مطابع جامعة الملك سعود ،
Holdings
حالة التراجع حالة الفقد حالة تلف ليس للاعارة المكان المؤقت الموقع الحالى تاريخ الاكتساب اجمالي اﻻعارات رقم الطلب الباركود تاريخ اخر مشاهدة تاريخ تفعيل السعر نوع وعاء كوها
        مكتبة القاهرة الكبرى مكتبة القاهرة الكبرى 03/26/2014   915.3103101\ق د 85616 03/26/2014 03/26/2014 كتاب
        مكتبة القاهرة الكبرى مكتبة القاهرة الكبرى 03/26/2014   915.3103101\ق د 85617 03/26/2014 03/26/2014 كتاب

Powered By

EGPV